| 000 | 00571cam a22001697a 4500 | ||
|---|---|---|---|
| 008 | 180718b2014 xxu||||| |||| 00| 0 eng d | ||
| 020 | _a9781316601204 | ||
| 082 | _aF5x54 C429r | ||
| 100 | _aChhibber, Pradeep K. and Shashtri, Sandeep | ||
| 245 |
_aReligious practice and democracy in India _cby Pradeep K. Chhibber and Sandeep Shashtri |
||
| 260 |
_aDelhi _bCambride _c2014 |
||
| 300 | _a204p. | ||
| 650 | _aIndia -- Religious life and customs | ||
| 650 | _aDemocracy -- Religious aspects | ||
| 650 | _aDemocracy -- India | ||
| 650 | _aReligion and politics -- India | ||
| 999 |
_c445351 _d445351 |
||